Alien Vs Predator (Record no. 14648)

MARC details
000 -LEADER
fixed length control field 01559nam a22002777a 4500
005 - DATE AND TIME OF LATEST TRANSACTION
control field 2008072908258.0
007 - PHYSICAL DESCRIPTION FIXED FIELD--GENERAL INFORMATION
fixed length control field DVD
008 - FIXED-LENGTH DATA ELEMENTS--GENERAL INFORMATION
fixed length control field 080729t xxu||||| |||| 00| 0 eng d
010 ## - LIBRARY OF CONGRESS CONTROL NUMBER
LC control number DVD-000123-125
024 ## - OTHER STANDARD IDENTIFIER
Standard number or code 26681
Terms of availability 499.00 (set of 2 DVD)
040 ## - CATALOGING SOURCE
Original cataloging agency DPL
082 ## - DEWEY DECIMAL CLASSIFICATION NUMBER
Classification number DVD / ALIE
245 ## - TITLE STATEMENT
Title Alien Vs Predator
Statement of responsibility, etc Produced and Directed by Paul W. S. Anderson
Medium {Videodisc (DVD)}
300 ## - PHYSICAL DESCRIPTION
Extent 2 Videodisc DVD (101 min.)
Other physical details Sd., Col.
Dimensions 4 3/4 in.
440 ## - SERIES STATEMENT/ADDED ENTRY--TITLE
Title two disc extreme edition
500 ## - GENERAL NOTE
General note Two legendary alied species ring their lethal rivalry to earth in a spectacular battle destined to be the ultimate confrintation.
538 ## - SYSTEM DETAILS NOTE
System details note Dolby Digital 5:1, English Thai, English 5.1 DTS, Subtitles English, Cantonese, Korean, Mandarin, thai, Tagalog, Bhasa
700 ## - ADDED ENTRY--PERSONAL NAME
Personal name Anderson, Paul W.S.
700 ## - ADDED ENTRY--PERSONAL NAME
Personal name Guidasci, Magali
700 ## - ADDED ENTRY--PERSONAL NAME
Personal name Kloser, Harald
942 ## - ADDED ENTRY ELEMENTS (KOHA)
Source of classification or shelving scheme Dewey Decimal Classification
Koha item type CD-ROMs, DVDs, VHS
Classification part DVD / ALIE
Holdings
Withdrawn status Lost status Source of classification or shelving scheme Damaged status Not for loan Home library Current library Date acquired Cost, normal purchase price Total Checkouts Full call number Barcode Date last seen Date checked out Cost, replacement price Price effective from Koha item type
    Dewey Decimal Classification     Central Library Central Library 29/07/2008 499.00 29 DVD / ALIE DVD-000123 25/03/2013 14/03/2013 499.00 15/09/2008 CD-ROMs, DVDs, VHS
    Dewey Decimal Classification     Patel Nagar Patel Nagar 29/07/2008 499.00 1 DVD / ALIE DVD-000125 07/01/2009 06/01/2009 499.00 15/09/2008 CD-ROMs, DVDs, VHS
    Dewey Decimal Classification     Sarojini Nagar Sarojini Nagar 29/07/2008 499.00 31 DVD / ALIE DVD-000124 25/04/2014 25/04/2014 499.00 15/09/2008 CD-ROMs, DVDs, VHS

© Delhi Public Library
Hit Counter
free hit counter